000 003100000a22001450004500
003 MACL
040 _aMACL
090 _c32988
_d32986
100 _aSharma, P D
245 _aEcology and Environment
260 _bRastogi Publications
_c2001
350 _a157.50
650 _aEcology
942 _cBOOK
_k577/SHA
999 _c32651
_d32651